[Event "Hessen-Wuerttemberg"]
[Site "Wismar"]
[Date "2009.10.01"]
[Round "4.1"]
[White "FM Strunski, Andreas"]
[Black "Hoegy, Kevin"]
[Result "1/2-1/2"]
[WhiteElo "2394"]
[BlackElo "2145"]
[PlyCount "50"]
[EventDate "2009.??.??"]

1. c4 e6 2. d4 d5 3. Nc3 Be7 4. Nf3 Nf6 5. Bf4 O-O 6. e3 c5 7. dxc5 Bxc5 8. Qc2
Nc6 9. a3 Qa5 10. O-O-O Be7 11. h4 Rd8 12. Nb5 Rd7 13. g4 a6 14. Nc3 dxc4 15.
Bxc4 b5 16. g5 Nh5 17. Qe4 Bxa3 18. Na2 Rxd1+ 19. Rxd1 Bb7 20. Rd7 bxc4 21.
Rxb7 Bf8 22. Qxc6 Qxa2 23. Qd7 Nxf4 24. exf4 c3 25. bxc3 Qxf2 1/2-1/2

[Event "Hessen-Wuerttemberg"]
[Site "Wismar"]
[Date "2009.10.01"]
[Round "4.2"]
[White "Rafiee, Makan"]
[Black "Pogan, Nikolas"]
[Result "1/2-1/2"]
[WhiteElo "2136"]
[BlackElo "2069"]
[PlyCount "34"]
[EventDate "2009.??.??"]

1. e4 c6 2. Nf3 d5 3. exd5 cxd5 4. Ne5 Nf6 5. d4 g6 6. Bd3 Bg7 7. O-O O-O 8.
Qe2 Nc6 9. c3 Ne8 10. Bf4 Nd6 11. Re1 Re8 12. Nxc6 bxc6 13. Nd2 f6 14. Bxd6
Qxd6 15. Nb3 e5 16. Nc5 e4 17. Ba6 Bxa6 1/2-1/2

[Event "Hessen-Wuerttemberg"]
[Site "Wismar"]
[Date "2009.10.01"]
[Round "4.3"]
[White "Erben, Larissa"]
[Black "Aslan, Benjamin"]
[Result "1/2-1/2"]
[WhiteElo "2035"]
[BlackElo "2040"]
[PlyCount "68"]
[EventDate "2009.??.??"]

1. e4 e6 2. d4 d5 3. exd5 exd5 4. Nf3 Nf6 5. c4 Bb4+ 6. Nc3 O-O 7. Be2 dxc4 8.
Bxc4 Bg4 9. O-O Nc6 10. a3 Bxc3 11. bxc3 Ne4 12. Qc2 Bxf3 13. gxf3 Nd6 14. Bd3
Qh4 15. Kh1 Rae8 16. Rg1 Ne7 17. Bg5 Qh5 18. Be2 Nef5 19. Rae1 h6 20. Bf6 Kh8
21. Be5 f6 22. f4 Qf7 23. Bxd6 Qd5+ 24. f3 cxd6 25. Bd1 b5 26. Qg2 Qf7 27. Rxe8
Rxe8 28. Bc2 Ne3 29. Bg6 Nxg2 30. Bxf7 Re7 31. Kxg2 Rxf7 32. Rb1 Rc7 33. Rxb5
Rxc3 34. Ra5 Rc4 1/2-1/2

[Event "Hessen-Wuerttemberg"]
[Site "Wismar"]
[Date "2009.10.01"]
[Round "4.4"]
[White "Goebel, Constantin"]
[Black "Schaefer, Alexander"]
[Result "1-0"]
[WhiteElo "2009"]
[BlackElo "2073"]
[PlyCount "103"]
[EventDate "2009.??.??"]

1. e4 c5 2. Nf3 d6 3. d4 cxd4 4. Nxd4 Nf6 5. Nc3 Nc6 6. Bc4 e6 7. Bb3 Be7 8.
Be3 a6 9. Qe2 Qc7 10. O-O-O b5 11. g4 Bb7 12. g5 Nd7 13. Bxe6 Nxd4 14. Bxd7+
Qxd7 15. Rxd4 O-O 16. Rhd1 Qh3 17. f4 f6 18. Rg1 fxg5 19. Rg3 Qe6 20. fxg5 Rac8
21. Nd5 Bxd5 22. exd5 Qg6 23. Rg2 b4 24. h4 Qf5 25. Rf2 Qh3 26. Rxf8+ Rxf8 27.
Kd2 Rc8 28. Bf4 Kf7 29. Rxb4 Qf5 30. Qe6+ Qxe6 31. dxe6+ Kxe6 32. Re4+ Kd7 33.
Kd3 Rc5 34. Ra4 Rc6 35. Be3 d5 36. Bd4 g6 37. c3 Ke6 38. Ke3 Bd6 39. Kf3 Be7
40. Ra5 Bd6 41. a4 Bc7 42. Rc5 Rxc5 43. Bxc5 Be5 44. Bd4 Bb8 45. b4 Kd6 46. Bf2
Kc6 47. Ke2 Be5 48. Kd3 Bd6 49. Be1 Bh2 50. Bf2 Bd6 51. Kd4 Bf8 52. b5+ 1-0

[Event "Hessen-Wuerttemberg"]
[Site "Wismar"]
[Date "2009.10.01"]
[Round "4.5"]
[White "Xu, Xianliang"]
[Black "Breitwieser, Jasmin"]
[Result "1-0"]
[WhiteElo "1961"]
[BlackElo "1866"]
[PlyCount "147"]
[EventDate "2009.??.??"]

1. e4 c5 2. d4 cxd4 3. c3 dxc3 4. Nxc3 Nc6 5. Nf3 e6 6. Bc4 Qc7 7. O-O Nf6 8.
Nb5 Qb8 9. e5 Nxe5 10. Bf4 d6 11. Re1 Nxc4 12. Qa4 Bd7 13. Qxc4 Bxb5 14. Qxb5+
Nd7 15. Ng5 a6 16. Qa4 b5 17. Qe4 Ne5 18. Bxe5 dxe5 19. Qc6+ Ke7 20. Rad1 Qc8
21. Qd6+ Ke8 22. Qxe5 Qc5 23. Qf4 Qe7 24. Rc1 Qf6 25. Qe4 Rd8 26. Qc6+ Ke7 27.
Ne4 Qd4 28. Nc5 Qd6 29. Qb7+ Ke8 30. Nxa6 Be7 31. Nc7+ Kf8 32. Nxb5 Qb4 33.
Red1 Rxd1+ 34. Rxd1 g6 35. Qc8+ Kg7 36. Qc3+ Qxc3 37. Nxc3 Rb8 38. Rd2 Bb4 39.
g3 Rc8 40. Rd3 h5 41. a3 Be7 42. b4 f5 43. Ne2 Ra8 44. Nd4 Kf6 45. Nc6 Bf8 46.
b5 Rxa3 47. Rxa3 Bxa3 48. b6 Bd6 49. b7 e5 50. b8=Q Bxb8 51. Nxb8 e4 52. Nc6 g5
53. Kf1 f4 54. Ke2 Kf5 55. h3 fxg3 56. fxg3 h4 57. Ne7+ Ke6 58. gxh4 gxh4 59.
Ng6 Kf5 60. Nxh4+ Kf4 61. Ng2+ Kg3 62. h4 Kg4 63. Ke3 Kh5 64. Kxe4 Kg4 65. Ke5
Kh5 66. Kf5 Kh6 67. Kg4 Kg6 68. h5+ Kh7 69. Kg5 Kg7 70. h6+ Kh8 71. Kg6 Kg8 72.
Ne1 Kh8 73. Nd3 Kg8 74. Ne5 1-0

[Event "Hessen-Wuerttemberg"]
[Site "Wismar"]
[Date "2009.10.01"]
[Round "4.6"]
[White "Tran, My Linh"]
[Black "Stitterich, Nadine"]
[Result "1/2-1/2"]
[WhiteElo "1813"]
[BlackElo "1941"]
[PlyCount "96"]
[EventDate "2009.??.??"]

1. e4 c5 2. Nf3 e6 3. Nc3 Nc6 4. g3 d6 5. d4 cxd4 6. Nxd4 a6 7. Bg2 Qc7 8. O-O
Bd7 9. Nb3 b5 10. a3 Nf6 11. Be3 Be7 12. f4 h6 13. Qf3 O-O 14. Rad1 Rfd8 15.
Kh1 Be8 16. g4 Nh7 17. Qg3 b4 18. axb4 Nxb4 19. Qf2 Rab8 20. Rd2 Bf6 21. Nd4
Nc6 22. Nd1 Be7 23. Ne2 Qa5 24. c3 Qb5 25. Rg1 Na5 26. Nd4 Qb7 27. Re2 Nf6 28.
e5 Ne4 29. Qe1 d5 30. Bc1 Nc5 31. Qg3 Ncb3 32. Nxb3 Nxb3 33. Be3 Bc6 34. Bd4
Nxd4 35. cxd4 Qb6 36. Qe3 Rdc8 37. Rf2 Bb5 38. Bf1 Bxf1 39. Rgxf1 Rc4 40. Rd2
Bb4 41. Rd3 Be7 42. Rf2 Qa7 43. b3 Rcb4 44. Nb2 Qb7 45. Rf3 Rb5 46. Na4 Rc8 47.
Rc3 Bb4 48. Rxc8+ Qxc8 1/2-1/2

[Event "Hessen-Wuerttemberg"]
[Site "Wismar"]
[Date "2009.10.01"]
[Round "4.7"]
[White "Kaulich, Philipp Theodor"]
[Black "Bluhm, Sonja Maria"]
[Result "1-0"]
[WhiteElo "1902"]
[BlackElo "1723"]
[PlyCount "107"]
[EventDate "2009.??.??"]

1. e4 e5 2. f4 exf4 3. Nf3 Ne7 4. Bc4 d5 5. exd5 Nxd5 6. O-O Be7 7. Qe2 Nc6 8.
d4 Be6 9. Nc3 O-O 10. Nxd5 Bxd5 11. Bxd5 Qxd5 12. Bxf4 Bf6 13. c3 Rae8 14. Qd2
Re7 15. b3 Rfe8 16. Rae1 h6 17. Bxc7 b5 18. Bg3 a5 19. Bf2 Na7 20. Rxe7 Rxe7
21. Rc1 Rc7 22. Qd3 Qd7 23. d5 Nc8 24. c4 bxc4 25. bxc4 Be7 26. Ne5 Qd6 27. Qf5
Bf6 28. Ng4 Bg5 29. Bg3 Qc5+ 30. Bf2 Qd6 31. Re1 Ne7 32. Qd3 Rd7 33. h4 Bf6 34.
Nxf6+ Qxf6 35. g3 Qd6 36. Rd1 Rd8 37. Kg2 Rd7 38. Qe4 Qb4 39. Rb1 Qd6 40. c5
Qg6 41. Rb8+ Kh7 42. Qxg6+ Kxg6 43. d6 Nf5 44. g4 Nxd6 45. Rb6 Kf6 46. Rxd6+
Rxd6 47. cxd6 Ke6 48. Bg3 g5 49. hxg5 hxg5 50. Kf3 a4 51. Ke4 f6 52. a3 Kd7 53.
Kf5 Kc6 54. Kxf6 1-0

[Event "Hessen-Wuerttemberg"]
[Site "Wismar"]
[Date "2009.10.01"]
[Round "4.8"]
[White "Keller, Peter"]
[Black "Weber, Sandra"]
[Result "1-0"]
[WhiteElo "1799"]
[BlackElo "1334"]
[PlyCount "117"]
[EventDate "2009.??.??"]

1. e4 e5 2. Nf3 Nc6 3. Bc4 Bc5 4. c3 Nf6 5. d3 h6 6. Nbd2 O-O 7. O-O Re8 8. Bb3
d5 9. exd5 Nxd5 10. Ne4 Bb6 11. Re1 Nde7 12. Bxh6 Ng6 13. Bg5 Qd7 14. h4 Qg4
15. d4 Rf8 16. dxe5 Ncxe5 17. Nxe5 Nxe5 18. Qxg4 Bxg4 19. Bc2 Nc6 20. Be3 Bxe3
21. Rxe3 Bh5 22. f3 Bg6 23. Bb3 Bxe4 24. Rxe4 Rad8 25. Re2 a6 26. Rd1 Rxd1+ 27.
Bxd1 Rd8 28. Bc2 f6 29. Be4 Rd6 30. g4 b6 31. Bxc6 Rxc6 32. Re7 Rc5 33. h5 Kh7
34. Rd7 Kh6 35. Kf2 Rb5 36. b3 Rc5 37. c4 b5 38. Rd5 Rc6 39. c5 g5 40. b4 Re6
41. Rd7 Rc6 42. Ke3 Re6+ 43. Kf2 Rc6 44. Re7 a5 45. a3 axb4 46. axb4 f5 47.
gxf5 Rf6 48. Re6 Kg7 49. Rxf6 Kxf6 50. h6 Kf7 51. Kg3 c6 52. Kg4 Kf6 53. h7 Kg7
54. h8=Q+ Kxh8 55. Kxg5 Kg7 56. f6+ Kg8 57. Kf5 Kf8 58. Ke6 Ke8 59. Kd6 1-0

[Event "Niedersachsen-Rheinland-Pfalz"]
[Site "Wismar"]
[Date "2009.10.01"]
[Round "4.1"]
[White "Gruenter, Martin"]
[Black "Lubbe, Nikolas"]
[Result "0-1"]
[WhiteElo "2151"]
[BlackElo "2330"]
[PlyCount "94"]
[EventDate "2009.??.??"]

1. e4 d5 2. exd5 Qxd5 3. Nc3 Qa5 4. d4 Nf6 5. Bd2 c6 6. Bc4 Bf5 7. Nge2 e6 8.
O-O Qc7 9. Ng3 Bg6 10. Qe2 Bd6 11. f4 O-O 12. Bd3 Nbd7 13. Bxg6 hxg6 14. Nge4
Be7 15. Rf3 Qb6 16. Be3 Nxe4 17. Nxe4 Qxb2 18. Rd1 Nf6 19. Ng5 Nd5 20. Bc1 Qxa2
21. Rh3 Rad8 22. Re1 Qa5 23. Qf2 Nxf4 24. Bxf4 Bxg5 25. Re5 Qa1+ 26. Re1 Qxe1+
27. Qxe1 Bxf4 28. Qe4 Bg5 29. Rb3 Rd7 30. c3 Bf6 31. h3 a5 32. Ra3 Ra8 33. Qb1
a4 34. Qc2 b5 35. Qe4 Rd5 36. Qe2 Be7 37. Ra2 a3 38. Qc2 Ra4 39. Qb3 Bd6 40.
Rc2 Rc4 41. Kf2 e5 42. dxe5 Bc5+ 43. Kg3 Rxe5 44. Kh2 Re3 45. Rc1 Bd6+ 46. Kg1
Bg3 47. Qxa3 Rce4 0-1

[Event "Niedersachsen-Rheinland-Pfalz"]
[Site "Wismar"]
[Date "2009.10.01"]
[Round "4.2"]
[White "Guennigmann, Manuel"]
[Black "Hastrich, Julian"]
[Result "0-1"]
[WhiteElo "2158"]
[BlackElo "2153"]
[PlyCount "84"]
[EventDate "2009.??.??"]

1. e4 e5 2. Nf3 Nf6 3. Nxe5 d6 4. Nf3 Nxe4 5. d4 d5 6. Bd3 Bd6 7. O-O O-O 8. c4
c6 9. Qc2 Nf6 10. Bg5 h6 11. Bh4 dxc4 12. Bxc4 Nbd7 13. Nc3 Qa5 14. a3 Nb6 15.
Bd3 Nbd5 16. Nxd5 Nxd5 17. Ne5 Bxe5 18. dxe5 Nf4 19. Be7 Re8 20. Bb4 Qd5 21.
Be4 Bf5 22. Rae1 Bxe4 23. Qxe4 Nd3 24. Qxd5 cxd5 25. Re3 Nxb2 26. f4 Nc4 27.
Rd3 f6 28. exf6 gxf6 29. Bc5 b6 30. Bd4 Kf7 31. Rh3 Rh8 32. a4 Nd2 33. Rc1 Rac8
34. Rxc8 Rxc8 35. Rxh6 Ne4 36. h3 Rc4 37. Bb2 Rb4 38. Bc1 Rb1 39. Rh7+ Ke8 40.
Rxa7 Rxc1+ 41. Kh2 d4 42. Ra8+ Kd7 0-1

[Event "Niedersachsen-Rheinland-Pfalz"]
[Site "Wismar"]
[Date "2009.10.01"]
[Round "4.3"]
[White "Stahnecker, Ludwig"]
[Black "Bradler, Stephan"]
[Result "1/2-1/2"]
[WhiteElo "1951"]
[BlackElo "2125"]
[PlyCount "49"]
[EventDate "2009.??.??"]

1. e4 c5 2. Nf3 Nc6 3. d4 cxd4 4. Nxd4 Nf6 5. Nc3 e5 6. Ndb5 d6 7. Bg5 a6 8.
Na3 b5 9. Nd5 Be7 10. Bxf6 Bxf6 11. c3 O-O 12. Nc2 Bg5 13. a4 bxa4 14. Nce3
Bxe3 15. Nxe3 Be6 16. Qxa4 Qb6 17. Qa3 Rfb8 18. O-O-O Rd8 19. Rxd6 Rxd6 20.
Qxd6 Rd8 21. Qa3 Na5 22. Qb4 Nb3+ 23. Kb1 Nd2+ 24. Kc1 Nb3+ 25. Kb1 1/2-1/2

[Event "Niedersachsen-Rheinland-Pfalz"]
[Site "Wismar"]
[Date "2009.10.01"]
[Round "4.4"]
[White "Kyas, Philipp"]
[Black "Remy, Janina"]
[Result "1/2-1/2"]
[WhiteElo "1953"]
[BlackElo "2004"]
[PlyCount "83"]
[EventDate "2009.??.??"]

1. d4 d5 2. Nf3 Nf6 3. Bf4 c6 4. e3 Bf5 5. c3 e6 6. Qb3 Qb6 7. h3 Nbd7 8. Nh4
Bg6 9. Nxg6 hxg6 10. Nd2 c5 11. Qxb6 axb6 12. Bb5 Be7 13. O-O O-O 14. g4 Nb8
15. Nf3 Nc6 16. Ne5 Nxe5 17. Bxe5 Ne8 18. f3 Nd6 19. a4 Ra7 20. Bxd6 Bxd6 21.
f4 Raa8 22. Kg2 Rfd8 23. h4 Kf8 24. f5 gxf5 25. gxf5 Ke7 26. Rae1 Rh8 27. e4
Rxh4 28. fxe6 f6 29. e5 Bc7 30. Rh1 Rah8 31. exf6+ gxf6 32. Bd7 Rxh1 33. Rxh1
Rxh1 34. Kxh1 cxd4 35. cxd4 Bf4 36. Kg2 Be3 37. Kf3 Bxd4 38. b3 Be5 39. Kg4 d4
40. Kf5 d3 41. Bb5 d2 42. Be2 1/2-1/2

[Event "Niedersachsen-Rheinland-Pfalz"]
[Site "Wismar"]
[Date "2009.10.01"]
[Round "4.5"]
[White "Yankelevich, Lev"]
[Black "Dorn, Carina"]
[Result "1/2-1/2"]
[WhiteElo "1943"]
[BlackElo "1856"]
[PlyCount "69"]
[EventDate "2009.??.??"]

1. e4 e6 2. d4 d5 3. exd5 exd5 4. Nf3 Bd6 5. Bd3 Ne7 6. Bg5 f6 7. Bh4 Bf5 8. c3
Nbc6 9. Qc2 Qd7 10. Nbd2 O-O-O 11. O-O-O Bxd3 12. Qxd3 Ng6 13. Bg3 Nf4 14. Bxf4
Bxf4 15. Kb1 Rde8 16. Nb3 Bd6 17. h3 Ne7 18. c4 c6 19. Nc5 Qf5 20. Qxf5+ Nxf5
21. cxd5 cxd5 22. Rc1 b6 23. Ne4+ Kb7 24. Nc3 Bf4 25. Rce1 Kc6 26. g3 Bh6 27.
Kc2 Nd6 28. Kd3 Nc4 29. b3 Nd6 30. Nh2 Rxe1 31. Rxe1 Re8 32. Rxe8 Nxe8 33. Ng4
Bc1 34. Kc2 Ba3 35. Ne3 1/2-1/2

[Event "Niedersachsen-Rheinland-Pfalz"]
[Site "Wismar"]
[Date "2009.10.01"]
[Round "4.6"]
[White "Duessler, Stefanie"]
[Black "Zimmer, Ketsarin"]
[Result "1-0"]
[WhiteElo "1741"]
[BlackElo "1774"]
[PlyCount "43"]
[EventDate "2009.??.??"]

1. e4 c5 2. Nc3 d6 3. f4 Nc6 4. Nf3 g6 5. Bc4 Bg7 6. O-O Nf6 7. d3 O-O 8. Qe1
e6 9. Qh4 d5 10. Bb3 dxe4 11. dxe4 Nd4 12. Kh1 Nxf3 13. gxf3 b6 14. f5 exf5 15.
Bg5 h6 16. Bxh6 Bxh6 17. Qxh6 Qe7 18. Qxg6+ Kh8 19. Qh6+ Nh7 20. Rg1 f6 21. Nd5
Qb7 22. Nf4 1-0

[Event "Niedersachsen-Rheinland-Pfalz"]
[Site "Wismar"]
[Date "2009.10.01"]
[Round "4.7"]
[White "Bohrmann, Sandra"]
[Black "Koop, Thorben"]
[Result "0-1"]
[WhiteElo "1579"]
[BlackElo "1821"]
[PlyCount "108"]
[EventDate "2009.??.??"]

1. e4 c5 2. c4 Nc6 3. Nc3 g6 4. d3 Bg7 5. Nge2 e6 6. g3 Nge7 7. Bg2 O-O 8. O-O
f5 9. Rb1 fxe4 10. Nxe4 b6 11. Bf4 d5 12. N4c3 Bb7 13. Qd2 Qd7 14. Bh6 Bxh6 15.
Qxh6 Nf5 16. Qg5 Ncd4 17. Nxd4 cxd4 18. Ne2 dxc4 19. Bxb7 Qxb7 20. dxc4 d3 21.
Nf4 Nd4 22. Qh6 Nf3+ 23. Kg2 Nd2+ 24. Kg1 Nxb1 25. Rxb1 d2 26. Nh3 Rad8 27. Rd1
Qg7 28. Qxg7+ Kxg7 29. Ng5 Rfe8 30. Ne4 Rd4 31. Nc3 Red8 32. b3 Rd3 33. Nb1 Kf6
34. Kf1 h5 35. Ke2 h4 36. Rxd2 Rxd2+ 37. Nxd2 hxg3 38. hxg3 Rh8 39. Ne4+ Ke5
40. Nc3 Rh1 41. Nd1 Kd4 42. Kd2 Kc5 43. Kc2 Kb4 44. a4 Rxd1 45. Kxd1 Kxb3 46.
Ke2 Kxc4 47. Ke3 Kb4 48. Ke4 Kxa4 49. Ke5 b5 50. Kxe6 b4 51. Kf6 b3 52. Kxg6 b2
53. f4 b1=Q+ 54. Kg5 Qe1 0-1

[Event "Niedersachsen-Rheinland-Pfalz"]
[Site "Wismar"]
[Date "2009.10.01"]
[Round "4.8"]
[White "Diederichs, Luise"]
[Black "Schwarz, Larissa"]
[Result "1-0"]
[WhiteElo "1521"]
[BlackElo "1391"]
[PlyCount "71"]
[EventDate "2009.??.??"]

1. d4 d5 2. c4 e6 3. Nc3 Nf6 4. e3 c5 5. Nf3 Nc6 6. dxc5 Bxc5 7. cxd5 Nxd5 8.
Nxd5 Qxd5 9. Qxd5 exd5 10. Bb5 Bd7 11. O-O O-O 12. b3 Rad8 13. Bb2 a6 14. Be2
Bf5 15. Rac1 Bb4 16. Bxa6 bxa6 17. Rxc6 a5 18. Rfc1 Rc8 19. Rxc8 Rxc8 20. Rxc8+
Bxc8 21. Nd4 Ba6 22. Nc6 Kf8 23. Nxb4 axb4 24. f3 g6 25. Bd4 Ke8 26. Bc5 Kd7
27. Bxb4 Kc6 28. Kf2 Bd3 29. Bc3 Bb1 30. a3 Ba2 31. b4 Kb5 32. Kg3 Ka4 33. Kg4
Kxa3 34. Kg5 h5 35. Kf6 d4 36. exd4 1-0

[Event "Hamburg-Mecklenburg-Vorpommern 1"]
[Site "Wismar"]
[Date "2009.10.01"]
[Round "4.1"]
[White "Kesten, Sebastian"]
[Black "Bracker, Arne"]
[Result "1/2-1/2"]
[WhiteElo "2148"]
[BlackElo "2219"]
[PlyCount "42"]
[EventDate "2009.??.??"]

1. d4 Nf6 2. c4 g6 3. Nc3 Bg7 4. e4 d6 5. Be2 O-O 6. Nf3 e5 7. O-O Na6 8. Be3
Ng4 9. Bg5 Qe8 10. d5 h6 11. Bh4 f5 12. Nd2 Nf6 13. f3 c5 14. dxc6 bxc6 15. Nb3
Qe7 16. c5 Nxc5 17. Nxc5 dxc5 18. Bc4+ Kh8 19. Qe2 Rd8 20. Rfd1 Rd4 21. Bf2 Nh5
1/2-1/2

[Event "Hamburg-Mecklenburg-Vorpommern 1"]
[Site "Wismar"]
[Date "2009.10.01"]
[Round "4.2"]
[White "Lampert, Jonas"]
[Black "Kugler, Florian"]
[Result "1-0"]
[WhiteElo "2111"]
[BlackElo "2085"]
[PlyCount "44"]
[EventDate "2009.??.??"]

1. e4 e6 2. d4 d5 3. Nc3 Bb4 4. e5 c5 5. a3 Bxc3+ 6. bxc3 Qa5 7. Bd2 Qa4 8. Qb1
c4 9. h4 Nc6 10. h5 Bd7 11. h6 Nxh6 12. Bxh6 gxh6 13. Rxh6 O-O-O 14. Kd2 Rdg8
15. Qe1 Ne7 16. Rf6 Be8 17. Ne2 Rg6 18. Rf3 Qa5 19. g3 Nc6 20. Bh3 h5 21. Ke3
Kb8 22. Qc1 Nxd4 1-0

[Event "Hamburg-Mecklenburg-Vorpommern 1"]
[Site "Wismar"]
[Date "2009.10.01"]
[Round "4.3"]
[White "Voelsgen, Georg"]
[Black "Mueller, Tobias"]
[Result "1/2-1/2"]
[WhiteElo "1987"]
[BlackElo "2022"]
[PlyCount "66"]
[EventDate "2009.??.??"]

1. e4 c5 2. Nc3 Nc6 3. f4 e6 4. Nf3 d5 5. Bb5 Nge7 6. exd5 exd5 7. Qe2 Qd6 8.
d4 cxd4 9. Nxd4 Bd7 10. Bxc6 bxc6 11. O-O g6 12. Be3 Bg7 13. Nb3 Be6 14. Bc5
Qd7 15. Rae1 O-O 16. Nd4 Rfb8 17. Nd1 Nf5 18. Nxe6 Qxe6 19. Qxe6 fxe6 20. Rxe6
Bxb2 21. c3 d4 22. Nxb2 Rxb2 23. Bxd4 Nxd4 24. cxd4 Rxa2 25. Rxc6 Rd2 26. Rc4
a5 27. Ra1 Re8 28. h3 Ree2 29. Rxa5 Rxg2+ 30. Kh1 Rh2+ 31. Kg1 Rdg2+ 32. Kf1
Rb2 33. Kg1 Rhg2+ 1/2-1/2

[Event "Hamburg-Mecklenburg-Vorpommern 1"]
[Site "Wismar"]
[Date "2009.10.01"]
[Round "4.4"]
[White "Ludwig, Jan"]
[Black "Stoevesand, Eric"]
[Result "1/2-1/2"]
[WhiteElo "1979"]
[BlackElo "1847"]
[PlyCount "68"]
[EventDate "2009.??.??"]

1. e4 e5 2. Nf3 Nc6 3. d4 exd4 4. Nxd4 Bc5 5. Be3 Qf6 6. Nb5 Bxe3 7. fxe3 Qh4+
8. g3 Qd8 9. Qg4 g6 10. Qf4 d6 11. N1c3 a6 12. Nd4 Ne5 13. Bg2 Be6 14. O-O Qe7
15. Nxe6 fxe6 16. a4 O-O-O 17. b4 g5 18. Qf2 h5 19. h3 Rh7 20. Qe2 Rf8 21. a5
c6 22. Na4 g4 23. Rxf8+ Qxf8 24. h4 Rf7 25. c4 Nf3+ 26. Bxf3 Rxf3 27. Kg2 Nf6
28. Rf1 Nxe4 29. Nb6+ Kd8 30. Rxf3 Qxf3+ 31. Qxf3 gxf3+ 32. Kxf3 Nf6 33. Kf4
Ng4 34. e4 Nf2 1/2-1/2

[Event "Hamburg-Mecklenburg-Vorpommern 1"]
[Site "Wismar"]
[Date "2009.10.01"]
[Round "4.5"]
[White "Scheel, Henrik"]
[Black "Stanau, Guido"]
[Result "0-1"]
[WhiteElo "1632"]
[BlackElo "1763"]
[PlyCount "62"]
[EventDate "2009.??.??"]
[WhiteTeam "Mecklenburg-Vorpommern 1"]
[BlackTeam "Hamburg"]

1. e4 c5 2. Nf3 d6 3. d4 cxd4 4. Nxd4 Nf6 5. Nc3 g6 6. Bc4 Bg7 7. Be3 O-O 8.
Qd2 Ng4 9. O-O-O Nxe3 10. Qxe3 Nc6 11. Nb3 a6 12. h4 Ne5 13. Be2 b5 14. Nd2 b4
15. Nd5 e6 16. Nb6 Rb8 17. Nxc8 Rxc8 18. f4 Qc7 19. Qb3 Nc6 20. Nf3 Na5 21. Qd3
Qb7 22. b3 Rc3 23. Qxd6 Rfc8 24. Rd2 R3c6 25. Qd3 Bc3 26. Rdd1 Qc7 27. Kb1 Nb7
28. f5 exf5 29. exf5 Qa5 30. Qe3 Rc5 31. Rd3 Qxa2+ 0-1

[Event "Hamburg-Mecklenburg-Vorpommern 1"]
[Site "Wismar"]
[Date "2009.10.01"]
[Round "4.6"]
[White "Garny, Annica"]
[Black "Rogasch, Miriam"]
[Result "0-1"]
[WhiteElo "1787"]
[BlackElo "1578"]
[PlyCount "64"]
[EventDate "2009.??.??"]
[WhiteTeam "Hamburg"]
[BlackTeam "Mecklenburg-Vorpommern 1"]

1. e4 e5 2. Nf3 Nc6 3. Bc4 Nf6 4. d3 Be7 5. Nc3 d6 6. O-O Bg4 7. Be3 Na5 8. Bb3
c6 9. Re1 Qc7 10. d4 O-O 11. d5 Nxb3 12. axb3 a6 13. h3 Bh5 14. g4 Nxg4 15.
hxg4 Bxg4 16. Kg2 f5 17. Qd2 f4 18. Bd4 Bxf3+ 19. Kxf3 exd4 20. Qxd4 Bf6 21.
Qc4 Qf7 22. Ke2 Rfe8 23. f3 Bxc3 24. Qxc3 Qxd5 25. Rg1 Qe5 26. Qd3 d5 27. Ra4
Rad8 28. Rd1 Qg5 29. Rd4 h5 30. c4 dxe4 31. fxe4 Qg2+ 32. Ke1 Rxd4 0-1

[Event "Hamburg-Mecklenburg-Vorpommern 1"]
[Site "Wismar"]
[Date "2009.10.01"]
[Round "4.7"]
[White "Schoebel, Ulrike"]
[Black "Lemke, Berfín"]
[Result "1/2-1/2"]
[WhiteElo "1681"]
[BlackElo "1393"]
[PlyCount "62"]
[EventDate "2009.??.??"]
[WhiteTeam "Mecklenburg-Vorpommern 1"]
[BlackTeam "Hamburg"]

1. c4 e5 2. Nc3 d6 3. g3 Be6 4. d3 Qd7 5. Bg2 Nc6 6. Nf3 Nf6 7. Bg5 Be7 8. O-O
O-O 9. Qc2 h6 10. Bxf6 Bxf6 11. a3 Rfe8 12. e3 Rad8 13. Rad1 Bg4 14. Rc1 h5 15.
Nd5 Be7 16. Nd2 h4 17. f3 Be6 18. Nxe7+ Qxe7 19. g4 Qg5 20. e4 Nd4 21. Qd1 Qe3+
22. Rf2 Qh6 23. Rb1 h3 24. Bf1 c6 25. b4 d5 26. cxd5 cxd5 27. Rc1 Rc8 28. Rxc8
Rxc8 29. Qe1 Rc2 30. Kh1 Qh4 31. Qe3 Nb3 1/2-1/2

[Event "Hamburg-Mecklenburg-Vorpommern 1"]
[Site "Wismar"]
[Date "2009.10.01"]
[Round "4.8"]
[White "Rolfs, Rebecca"]
[Black "Sadewasser, Lucie"]
[Result "1-0"]
[WhiteElo "1158"]
[BlackElo "1031"]
[PlyCount "45"]
[EventDate "2009.??.??"]
[WhiteTeam "Hamburg"]
[BlackTeam "Mecklenburg-Vorpommern 1"]

1. e4 {[%emt 0:00:00]} e5 2. Nf3 Nc6 3. Bc4 Nf6 4. d3 Bc5 5. Nc3 d6 6. Bg5 Bg4
7. h3 Bh5 8. g4 Bg6 9. Qd2 h6 10. Bh4 Bb4 11. O-O-O Nd4 12. Nh2 b5 13. Bb3 a5
14. a3 Nxb3+ 15. cxb3 Bxc3 16. Qxc3 Qe7 17. Qc6+ Kf8 18. Qxa8+ Qe8 19. Qxa5
Qc6+ 20. Kb1 Nd7 21. Rc1 Qb6 22. Qxb6 cxb6 23. Rc8# 1-0

[Event "Thueringen-Saarland"]
[Site "Wismar"]
[Date "2009.10.01"]
[Round "4.1"]
[White "Wild, Achim"]
[Black "Wendling, Hannes"]
[Result "1/2-1/2"]
[WhiteElo "2033"]
[BlackElo "2193"]
[PlyCount "32"]
[EventDate "2009.??.??"]
[WhiteTeam "Saarland"]
[BlackTeam "Thüringen"]

1. e4 {[%emt 0:00:00]} c5 2. c3 d5 3. exd5 Qxd5 4. d4 Nf6 5. Nf3 Bg4 6. Nbd2
Nc6 7. Bc4 Bxf3 8. Qb3 Na5 9. Qb5+ Qd7 10. Nxf3 Nxc4 11. Qxc4 cxd4 12. Nxd4 e6
13. Bg5 Rc8 14. Qe2 Qd5 15. Bxf6 gxf6 16. O-O-O Bh6+ 1/2-1/2

[Event "Thueringen-Saarland"]
[Site "Wismar"]
[Date "2009.10.01"]
[Round "4.2"]
[White "Siebarth, Raiko"]
[Black "Mueller, Denis"]
[Result "1-0"]
[WhiteElo "2218"]
[BlackElo "1922"]
[PlyCount "49"]
[EventDate "2009.??.??"]
[WhiteTeam "Thüringen"]
[BlackTeam "Saarland"]

1. Nc3 d5 2. e4 e6 3. f4 c5 4. Nf3 Nc6 5. a4 Nf6 6. e5 Nd7 7. g3 f6 8. exf6
Nxf6 9. d3 Bd6 10. Bg2 O-O 11. O-O e5 12. fxe5 Nxe5 13. Bg5 d4 14. Nd5 Ned7 15.
Nh4 Be5 16. Nf5 h6 17. Nfe7+ Kh7 18. Bxf6 Nxf6 19. Nxf6+ Bxf6 20. Be4+ Kh8 21.
Ng6+ Kg8 22. Nxf8 Kxf8 23. Qh5 Qd6 24. Rae1 Be6 25. Rxf6+ 1-0

[Event "Thueringen-Saarland"]
[Site "Wismar"]
[Date "2009.10.01"]
[Round "4.3"]
[White "Grewenig, Jan"]
[Black "Hoffmann, Sascha"]
[Result "1-0"]
[WhiteElo "1881"]
[BlackElo "1755"]
[PlyCount "113"]
[EventDate "2009.??.??"]
[WhiteTeam "Saarland"]
[BlackTeam "Thüringen"]

1. e4 {[%emt 0:00:00]} c5 2. Nf3 Nc6 3. d4 cxd4 4. Nxd4 g6 5. Nc3 Bg7 6. Be3
Nf6 7. Bc4 d6 8. Bb3 O-O 9. f3 Bd7 10. Qd2 Qa5 11. O-O-O Rfc8 12. Kb1 Ne5 13.
g4 Nc4 14. Bxc4 Rxc4 15. h4 Rac8 16. h5 Rxc3 17. bxc3 b5 18. hxg6 hxg6 19. Nb3
Qc7 20. e5 Ne8 21. exd6 Nxd6 22. Qh2 Qxc3 23. Bd4 Bxd4 24. Nxd4 Qb4+ 25. Kc1
Qa3+ 26. Kd2 Nc4+ 27. Ke2 Qe3+ 28. Kf1 Qe5 29. Qh7+ Kf8 30. Qh8+ Qxh8 31. Rxh8+
Kg7 32. Rxc8 Bxc8 33. Re1 e6 34. Nxb5 Ba6 35. Nc7 Nd2+ 36. Kf2 Bb7 37. Re3 Nc4
38. Rc3 Ne5 39. Nxe6+ Kf6 40. Nd4 a6 41. Kg3 g5 42. Rb3 Bd5 43. Rb6+ Kg7 44.
Rxa6 Bc4 45. Nf5+ Kg8 46. Ra5 Ng6 47. Ne3 Be6 48. a4 f6 49. Nd5 Kg7 50. Ra7+
Bf7 51. Ne7 Nf4 52. Nf5+ Kg6 53. a5 Ne2+ 54. Kf2 Nc3 55. Rb7 Na4 56. a6 Nc5 57.
a7 1-0

[Event "Thueringen-Saarland"]
[Site "Wismar"]
[Date "2009.10.01"]
[Round "4.4"]
[White "Schaetz, Bianca"]
[Black "Frischmann, Rick"]
[Result "0-1"]
[WhiteElo "1674"]
[BlackElo "1846"]
[PlyCount "100"]
[EventDate "2009.??.??"]
[WhiteTeam "Thüringen"]
[BlackTeam "Saarland"]

1. d4 Nf6 2. Nf3 e6 3. e3 b6 4. Bd3 Bb7 5. Nbd2 d6 6. b3 Nbd7 7. Bb2 c5 8. O-O
Be7 9. c4 O-O 10. Qc2 Rc8 11. Rfe1 a6 12. Qd1 h6 13. Rc1 Qc7 14. Bb1 Qb8 15.
Qc2 b5 16. Qd3 bxc4 17. Rxc4 d5 18. Rcc1 Ne4 19. Qe2 f5 20. Ne5 Nxe5 21. dxe5
Bh4 22. g3 Bd8 23. f4 Ba5 24. Bxe4 fxe4 25. Ba3 Qa7 26. Red1 Rfe8 27. Bb2 Bc6
28. Nb1 Bb6 29. Na3 a5 30. Nc2 Qd7 31. a3 Bb5 32. Qe1 Bd3 33. b4 cxb4 34. Nd4
Bxd4 35. exd4 Qb5 36. axb4 axb4 37. Kf2 Rc4 38. Rd2 Rec8 39. Ke3 Qc6 40. Rdd1
Qe8 41. g4 Rc2 42. Rxc2 Rxc2 43. Rd2 b3 44. Qf2 h5 45. h3 hxg4 46. hxg4 Qg6 47.
Qg2 Qh6 48. g5 Qh4 49. Rf2 Rxb2 50. Rxb2 Qe1+ 0-1